LEADER 01558nam 2200517 450 001 9910467529503321 005 20200520144314.0 010 $a1-119-23201-5 010 $a1-119-23202-3 010 $a1-119-23189-2 035 $a(MiAaPQ)EBC4816351 035 $a(Au-PeEL)EBL4816351 035 $a(CaPaEBR)ebr11355631 035 $a(CaONFJC)MIL1042513 035 $a(OCoLC)972642157 035 $a(EXLCZ)994330000000009446 100 $a20170315h20172017 uy 0 101 0 $aeng 135 $aurcnu|||||||| 181 $2rdacontent 182 $2rdamedia 183 $2rdacarrier 200 10$aCybersecurity law /$fJeff Kosseff 210 1$aHoboken, New Jersey :$cWiley,$d2017. 210 4$dİ2017 215 $a1 online resource (515 pages) 311 $a1-119-23150-7 320 $aIncludes bibliographical references and index. 606 $aComputer security$xLaw and legislation$zUnited States 606 $aData protection$xLaw and legislation$zUnited States 606 $aHacking$zUnited States$xPrevention 606 $aCyberterrorism$xPrevention 608 $aElectronic books. 615 0$aComputer security$xLaw and legislation 615 0$aData protection$xLaw and legislation 615 0$aHacking$xPrevention. 615 0$aCyberterrorism$xPrevention. 676 $a343.7309/99 700 $aKosseff$b Jeff$f1978-$01048785 801 0$bMiAaPQ 801 1$bMiAaPQ 801 2$bMiAaPQ 906 $aBOOK 912 $a9910467529503321 996 $aCybersecurity law$92488402 997 $aUNINA LEADER 01763nam 2200349 450 001 9910688316503321 005 20230623204237.0 035 $a(CKB)5400000000040845 035 $a(NjHacI)995400000000040845 035 $a(EXLCZ)995400000000040845 100 $a20230623d2020 uy 0 101 0 $aeng 135 $aur||||||||||| 181 $ctxt$2rdacontent 182 $cc$2rdamedia 183 $acr$2rdacarrier 200 00$aGlia in Health and Disease /$fTania Spohr, editor 210 1$aLondon :$cIntechOpen,$d2020. 215 $a1 online resource (162 pages) 311 $a1-78985-614-0 320 $aIncludes bibliographical references. 330 $aThe book will highlight the role played by glial cells in the central and peripheral nervous systems in both healthy and unhealthy individuals. Among all processes involved, we will discuss the importance of the enteric nervous system in the control of gut homeostasis, in the interaction with the immune system, and its participation in pathological conditions such as metabolic syndrome. We will also look at the relevance of astrocytes during synaptic transmission and the regulation of plasticity by releasing gliotransmitters. Ultimately, we will highlight the influence of astrocytes during the development of a number of neurodegenerative diseases, such as multiple sclerosis and Alzheimer's disease, focusing on how the serum levels of the astrocytic protein S100B can be used as a biomarker for clinical decisions. 606 $aAstrocytes 615 0$aAstrocytes. 676 $a612.82 702 $aSpohr$b Tania 801 0$bNjHacI 801 1$bNjHacl 906 $aBOOK 912 $a9910688316503321 996 $aGlia in Health and Disease$91952051 997 $aUNINA